The study of social history : (Record no. 77766)

MARC details
000 -LEADER
fixed length control field 00596nam a22002057a 4500
005 - DATE AND TIME OF LATEST TRANSACTION
control field 20130924114753.0
010 ## - LCCN (DPL NO)
LC control number ENG-108040
020 ## - INTERNATIONAL STANDARD BOOK NUMBER
Terms of availability 350.00
International Standard Book Number 8180642453
020 ## - INTERNATIONAL STANDARD BOOK NUMBER
International Standard Book Number 9788180642456
Terms of availability 350.00
035 ## - SYSTEM CONTROL NUMBER
System control number EN-91573
037 ## - SOURCE OF ACQUISITION
Source of stock number/acquisition DBAD/PUB
082 ## - DEWEY DECIMAL CLASSIFICATION NUMBER
Classification number 954
245 00 - TITLE STATEMENT
Title The study of social history :
Statement of responsibility, etc edited by Ratna Ghosh
Remainder of title recent trends /
260 ## - PUBLICATION, DISTRIBUTION, ETC. (IMPRINT)
Place of publication, distribution, etc Kolkata
Name of publisher, distributor, etc Progressive Publishers
Date of publication, distribution, etc 2013
270 ## - ADDRESS
Address 37A, College Street,
City Kolkata
Postal code 700073
300 ## - PHYSICAL DESCRIPTION
Extent 432p.
Dimensions 22cm(Hb)
500 ## - GENERAL NOTE
General note Includes index
700 ## - ADDED ENTRY--PERSONAL NAME
Personal name Ghosh, Ratna
942 ## - ADDED ENTRY ELEMENTS (KOHA)
Source of classification or shelving scheme Dewey Decimal Classification
Item type English Books
Call number suffix STU
Classification part 954
Holdings
Withdrawn status Lost status Not for loan Collection code Home library Current library Date acquired Source of acquisition Cost, normal purchase price Full call number Barcode Copy number Cost, replacement price Koha item type
    Not For Loan Non-fiction D.B.Act.Division D.B.Act.Division 19/07/2013 DBAD /PUB 350.00 954 STU EN-91573 1 350.00 English Books

© Delhi Public Library
Hit Counter
free hit counter